[Event "American Continental Rapid 18th"]
[Site "Medellin"]
[Date "2024.06.01"]
[Round "8"]
[White "Almanza Montoya, Joseph"]
[Black "Ventura Rosario, Julio Esdeulin"]
[Result "0-1"]
[WhiteElo "1687"]
[BlackElo "1942"]
[PlyCount "144"]
[EventDate "2024.06.01"]
[EventType "swiss (rapid)"]
[EventRounds "9"]
[EventCountry "COL"]
[SourceTitle "CB23_2024"]
[SourceDate "2024.06.05"]
[SourceVersion "1"]
[SourceVersionDate "2024.06.05"]
[SourceQuality "1"]

1. e4 e5 2. Nf3 Nf6 3. Nxe5 Nxe4 4. Qe2 Qe7 5. Qxe4 d6 6. d4 dxe5 7. Qxe5 Qxe5+ 8. dxe5 Nc6 9. f4 Bf5 10. Bd3 Be6 11. Be3 0-0-0 12. Nc3 Bb4 13. Bd2 Bc5 14. 0-0-0 Nb4 15. Be4 Nxa2+ 16. Nxa2 Bxa2 17. Rhe1 Bd5 18. Bxd5 Rxd5 19. Be3 Rxd1+ 20. Kxd1 Rd8+ 21. Kc1 Bxe3+ 22. Rxe3 Rd4 23. g3 Kd7 24. c3 Rd5 25. Kc2 Ke6 26. c4 Rd4 27. Kc3 Rd1 28. Rd3 Rxd3+ 29. Kxd3 Kf5 30. Kd4 g5 31. Ke3 gxf4+ 32. gxf4 c5 33. Kf3 h5 34. h4 a6 35. Ke3 b5 36. cxb5 axb5 37. Kf3 c4 38. Ke3 b4 39. Kd4 Kxf4 40. Kxc4 Kxe5 41. Kxb4 Kd4 42. Ka5 f5 43. b4 f4 44. b5 f3 45. b6 f2 46. b7 f1Q 47. Kb6 Qb1+ 48. Kc7 Qc2+ 49. Kd8 Qb3 50. Kc7 Qc4+ 51. Kb6 Qc5+ 52. Ka6 Qc7 53. Ka7 Ke4 54. Ka8 Qa5+ 55. Kb8 Kf4 56. Kc8 Qc5+ 57. Kd7 Qb6 58. Kc8 Qc6+ 59. Kb8 Kg4 60. Ka7 Qc7 61. Ka8 Kxh4 62. b8Q Qxb8+ 63. Kxb8 Kg3 64. Kc7 h4 65. Kd7 h3 66. Ke8 h2 67. Kf8 h1Q 68. Kg8 Qb7 69. Kh8 Kg4 70. Kg8 Kf5 71. Kh8 Kg6 72. Kg8 Qg7# 0-1

[Event "American Continental Rapid 18th"]
[Site "Medellin"]
[Date "2024.06.01"]
[Round "7"]
[White "Paladines Pinzon, Samuel"]
[Black "Almanza Montoya, Joseph"]
[Result "1-0"]
[WhiteElo "1821"]
[BlackElo "1687"]
[PlyCount "77"]
[EventDate "2024.06.01"]
[EventType "swiss (rapid)"]
[EventRounds "9"]
[EventCountry "COL"]
[SourceTitle "CB23_2024"]
[SourceDate "2024.06.05"]
[SourceVersion "1"]
[SourceVersionDate "2024.06.05"]
[SourceQuality "1"]

1. e4 c5 2. Nf3 d6 3. d4 cxd4 4. Nxd4 Nf6 5. Nc3 a6 6. Bg5 e6 7. Qf3 Be7 8. 0-0-0 Qc7 9. Be2 Nbd7 10. g4 h6 11. Be3 b5 12. a3 Bb7 13. h4 Ne5 14. Qg2 Nc4 15. Bxc4 Qxc4 16. g5 Nd7 17. gxh6 g6 18. h5 Nf8 19. hxg6 Nxg6 20. f4 0-0-0 21. f5 Ne5 22. fxe6 fxe6 23. Qh3 Kd7 24. Rhg1 Bf8 25. h7 Be7 26. Rg7 Rdf8 27. Bg5 Rf7 28. Rxf7 Nxf7 29. Bxe7 Kxe7 30. b3 Qc8 31. Kb2 Qd7 32. Rg1 Bc8 33. Rg8 Qc7 34. Qh4+ Kd7 35. Rxh8 Nxh8 36. Qf6 Qd8 37. Qxe6+ Kc7 38. Nd5+ Kb8 39. Nc6+ 1-0

[Event "American Continental Rapid 18th"]
[Site "Medellin"]
[Date "2024.06.01"]
[Round "1"]
[White "Wong Pages, Juan Diego"]
[Black "Almanza Montoya, Joseph"]
[Result "1-0"]
[WhiteElo "2025"]
[BlackElo "1687"]
[PlyCount "47"]
[EventDate "2024.06.01"]
[EventType "swiss (rapid)"]
[EventRounds "9"]
[EventCountry "COL"]
[SourceTitle "CB23_2024"]
[SourceDate "2024.06.05"]
[SourceVersion "1"]
[SourceVersionDate "2024.06.05"]
[SourceQuality "1"]

1. e4 c5 2. Nf3 d6 3. d4 cxd4 4. Nxd4 Nf6 5. Nc3 a6 6. Bg5 e6 7. f4 Be7 8. Qf3 Qc7 9. 0-0-0 Nbd7 10. Bd3 b5 11. Rhe1 Bb7 12. Qg3 0-0-0 13. e5 dxe5 14. fxe5 Ng8 15. Bxb5 Bxg5+ 16. Qxg5 axb5 17. Ndxb5 Qc5 18. Nd6+ Kb8 19. Qxd8+ Ka7 20. Ndb5+ Ka6 21. Rd6+ Nb6 22. b4 Qf2 23. Nc7+ Ka7 24. N3b5# 1-0

[Event "American Continental 18th"]
[Site "Medellin"]
[Date "2024.05.31"]
[Round "10"]
[White "Almanza Montoya, Joseph"]
[Black "Martinez Paipa, Hernan"]
[Result "1-0"]
[WhiteElo "1690"]
[BlackElo "1839"]
[PlyCount "71"]
[EventDate "2024.05.24"]
[EventType "swiss"]
[EventRounds "11"]
[EventCountry "COL"]
[SourceTitle "CB23_2024"]
[SourceDate "2024.06.05"]
[SourceVersion "1"]
[SourceVersionDate "2024.06.05"]
[SourceQuality "1"]

1. e4 c5 2. Nf3 Nc6 3. Bb5 d6 4. Bxc6+ bxc6 5. 0-0 Nf6 6. Re1 e5 7. h3 Be7 8. d3 0-0 9. Nbd2 Ne8 10. Nf1 f5 11. exf5 Bxf5 12. Ng3 Bd7 13. b3 Nf6 14. c4 Qe8 15. Qe2 Nh5 16. Ne4 Qg6 17. Kh1 h6 18. Be3 Rf7 19. g4 Nf4 20. Bxf4 Rxf4 21. Nxc5 Raf8 22. Nxd7 Rxf3 23. Nxf8 Qf7 24. Kg2 Rf4 25. Ne6 Qxe6 26. Qe3 Qg6 27. Rad1 Bh4 28. Re2 Bg5 29. Qxa7 h5 30. f3 Rd4 31. Re4 hxg4 32. hxg4 c5 33. Rxd4 exd4 34. Qa8+ Kf7 35. Qd5+ Kf8 36. Qf5+ 1-0

[Event "American Continental 18th"]
[Site "Medellin"]
[Date "2024.05.24"]
[Round "1"]
[White "Almanza Montoya, Joseph"]
[Black "Narvaez, Zamir Alexis"]
[Result "0-1"]
[WhiteElo "1690"]
[BlackElo "2049"]
[PlyCount "54"]
[EventDate "2024.05.24"]
[EventType "swiss"]
[EventRounds "11"]
[EventCountry "COL"]
[SourceTitle "CB23_2024"]
[SourceDate "2024.06.05"]
[SourceVersion "1"]
[SourceVersionDate "2024.06.05"]
[SourceQuality "1"]

1. e4 c5 2. Nf3 g6 3. d4 cxd4 4. Nxd4 Nc6 5. c4 Nf6 6. Nc3 Nxd4 7. Qxd4 d6 8. Be2 Bg7 9. Be3 0-0 10. Qd2 Be6 11. f3 a5 12. a4 Nd7 13. 0-0 Nc5 14. Bxc5 dxc5 15. Nd5 Bd7 16. Rfd1 e6 17. Nc3 Bc6 18. Qc2 Qh4 19. Bf1 Bd4+ 20. Kh1 Be5 21. h3 Qg3 22. Kg1 Qh2+ 23. Kf2 Bg3+ 24. Ke2 Qg1 25. Kd2 Bf4+ 26. Ke1 Qe3+ 27. Qe2 Bg3# 0-1

[Event "Medellin Antioquia-ch"]
[Site "Medellin"]
[Date "2024.05.05"]
[Round "6"]
[White "Almanza Montoya, Joseph"]
[Black "Restrepo, Hugo"]
[Result "1-0"]
[WhiteElo "1641"]
[BlackElo "1714"]
[PlyCount "26"]
[EventDate "2024.05.01"]
[EventType "swiss"]
[EventRounds "7"]
[EventCountry "COL"]
[SourceTitle "CB20_2024"]
[SourceDate "2024.05.16"]
[SourceVersion "1"]
[SourceVersionDate "2024.05.16"]
[SourceQuality "1"]

1. e4 c5 2. Nf3 e6 3. c4 Nf6 4. Nc3 d6 5. d4 cxd4 6. Nxd4 Be7 7. f3 0-0 8. Be3 a6 9. Be2 Nc6 10. 0-0 Bd7 11. b3 Rc8 12. Rc1 Ne5 13. Qd2 Ng6 1-0

[Event "Medellin Antioquia-ch"]
[Site "Medellin"]
[Date "2024.05.05"]
[Round "7"]
[White "Garces Trujillo, Luis Javier"]
[Black "Almanza Montoya, Joseph"]
[Result "1-0"]
[WhiteElo "1875"]
[BlackElo "1641"]
[PlyCount "69"]
[EventDate "2024.05.01"]
[EventType "swiss"]
[EventRounds "7"]
[EventCountry "COL"]
[SourceTitle "CB20_2024"]
[SourceDate "2024.05.16"]
[SourceVersion "1"]
[SourceVersionDate "2024.05.16"]
[SourceQuality "1"]

1. d4 f5 2. Nc3 Nf6 3. Bg5 g6 4. Bxf6 exf6 5. e4 fxe4 6. Nxe4 Bg7 7. Qf3 f5 8. Ng3 0-0 9. 0-0-0 Nc6 10. h4 Qf6 11. Bc4+ Kh8 12. c3 a6 13. N1e2 b5 14. Bd5 Rb8 15. h5 g5 16. h6 Bxh6 17. Qh5 Ne7 18. Bb3 Kg7 19. Qh2 Qd6 20. Nh5+ Kh8 21. Qxd6 cxd6 22. Rh2 g4+ 23. Nhf4 Kg7 24. Rdh1 Bxf4+ 25. Nxf4 Rh8 26. f3 d5 27. fxg4 fxg4 28. Bc2 h6 29. Re1 Nc6 30. Nh5+ Kf8 31. g3 Ne7 32. Rhe2 Ng8 33. Rf2+ Nf6 34. Rxf6+ Kg8 35. Re8# 1-0

[Event "Medellin de La Raza U2000 op"]
[Site "Medellin"]
[Date "2023.10.16"]
[Round "9"]
[White "Almanza Montoya, Joseph"]
[Black "Alvarez Mendoza, Rafael"]
[Result "1-0"]
[WhiteElo "1332"]
[BlackElo "1561"]
[PlyCount "47"]
[EventDate "2023.10.12"]
[EventType "swiss"]
[EventRounds "9"]
[EventCountry "COL"]
[SourceTitle "Mega2024 Update 01"]
[Source "Chessbase"]
[SourceDate "2023.11.12"]
[SourceVersion "1"]
[SourceVersionDate "2023.11.12"]
[SourceQuality "1"]

1. e4 c6 2. d4 d5 3. exd5 cxd5 4. Bd3 Nf6 5. h3 e6 6. Nf3 Bd6 7. 0-0 0-0 8. Re1 b6 9. Bg5 h6 10. Bh4 Nbd7 11. Nbd2 Bb7 12. c3 Qc8 13. Ne5 Ba6 14. Bc2 Qc7 15. Ndf3 Bb7 16. Nxd7 Nxd7 17. Qd3 g6 18. Rxe6 Ne5 19. dxe5 Qd7 20. Rxd6 Qe8 21. Bf6 a5 22. Qd2 Kh7 23. Nd4 Rc8 24. Nf5 1-0

[Event "Medellin de La Raza U2000 op"]
[Site "Medellin"]
[Date "2023.10.16"]
[Round "8"]
[White "Toro, Jonathan"]
[Black "Almanza Montoya, Joseph"]
[Result "0-1"]
[WhiteElo "1854"]
[BlackElo "1332"]
[PlyCount "98"]
[EventDate "2023.10.12"]
[EventType "swiss"]
[EventRounds "9"]
[EventCountry "COL"]
[SourceTitle "Mega2024 Update 01"]
[Source "Chessbase"]
[SourceDate "2023.11.12"]
[SourceVersion "1"]
[SourceVersionDate "2023.11.12"]
[SourceQuality "1"]

1. e4 c5 2. Nf3 d6 3. d4 cxd4 4. Nxd4 Nf6 5. Nc3 a6 6. Bg5 e6 7. f4 Qb6 8. Qd2 Nc6 9. 0-0-0 Nxd4 10. Qxd4 Qxd4 11. Rxd4 Nh5 12. Be2 h6 13. Bh4 Nxf4 14. Bf3 e5 15. Rd2 Be6 16. Rhd1 g5 17. Bf2 g4 18. g3 Nh3 19. Bg2 Nxf2 20. Rxf2 h5 21. Bf1 0-0-0 22. Na4 Bh6+ 23. Kb1 Be3 24. Re2 Ba7 25. Red2 Kc7 26. b3 h4 27. Nb2 Bd4 28. c3 Ba7 29. Bc4 b5 30. Bxe6 fxe6 31. c4 hxg3 32. hxg3 Rh3 33. cxb5 axb5 34. Rc2+ Kb7 35. Nd3 Bd4 36. Rdc1 Rxg3 37. Rc7+ Kb8 38. Nb4 Rg2 39. Nc6+ Kxc7 40. Nxd4+ Kd7 41. Nxb5 Rc8 42. Rd1 Rcc2 43. Nxd6 Rb2+ 44. Ka1 Rxa2+ 45. Kb1 Rgb2+ 46. Kc1 Ra1+ 47. Kxb2 Rxd1 48. Nc4 g3 49. Nxe5+ Ke8 0-1

[Event "Medellin de La Raza U2000 op"]
[Site "Medellin"]
[Date "2023.10.15"]
[Round "7"]
[White "Almanza Montoya, Joseph"]
[Black "Acosta Cruz, Luis Ivan"]
[Result "0-1"]
[WhiteElo "1332"]
[BlackElo "1580"]
[PlyCount "52"]
[EventDate "2023.10.12"]
[EventType "swiss"]
[EventRounds "9"]
[EventCountry "COL"]
[SourceTitle "Mega2024 Update 01"]
[Source "Chessbase"]
[SourceDate "2023.11.12"]
[SourceVersion "1"]
[SourceVersionDate "2023.11.12"]
[SourceQuality "1"]

1. e4 e5 2. Nf3 Nf6 3. Nc3 Nc6 4. d4 Bb4 5. Bg5 h6 6. Bxf6 Qxf6 7. dxe5 Nxe5 8. Nxe5 Qxe5 9. Qd3 c6 10. f3 d5 11. 0-0-0 Bxc3 12. bxc3 0-0 13. exd5 cxd5 14. Qd4 Qc7 15. g4 Be6 16. h4 Qg3 17. Be2 Rfe8 18. Rdg1 Qd6 19. Bb5 Qa3+ 20. Kb1 Rec8 21. g5 h5 22. g6 f6 23. Re1 Rc5 24. Bd3 Bd7 25. Re7 Ra5 26. Bc4 Qxe7 0-1

[Event "Medellin Flores op 30th"]
[Site "Medellin"]
[Date "2023.08.05"]
[Round "4"]
[White "Dabraccio, Guillermo"]
[Black "Almanza Montoya, Joseph"]
[Result "1-0"]
[WhiteElo "1556"]
[BlackElo "1266"]
[PlyCount "70"]
[EventDate "2023.08.03"]
[EventType "swiss"]
[EventRounds "9"]
[EventCountry "COL"]
[SourceTitle "EXT 2024"]
[Source "ChessBase"]
[SourceDate "2023.10.10"]
[SourceVersion "1"]
[SourceVersionDate "2023.10.10"]
[SourceQuality "1"]

1. e4 c5 2. Nf3 d6 3. c3 Nf6 4. Be2 Nc6 5. d4 cxd4 6. cxd4 e6 7. Nc3 Be7 8. 0-0 0-0 9. a3 a5 10. Bd3 h6 11. h3 Re8 12. Be3 Bf8 13. Rb1 d5 14. e5 Nd7 15. b4 axb4 16. axb4 Nb6 17. b5 Nb4 18. Be2 Na2 19. Nxa2 Rxa2 20. Ra1 Rxa1 21. Qxa1 Bd7 22. Rc1 Nc4 23. Bxc4 dxc4 24. Qa4 Qa8 25. Qxc4 Rc8 26. Qb3 Rxc1+ 27. Bxc1 Qa1 28. Qb2 Qxb2 29. Bxb2 Bxb5 30. Nd2 Bc6 31. Nc4 Bb4 32. f3 Kf8 33. Ne3 Ke7 34. Kf2 b5 35. Nc2 Ba5 1-0

[Event "Sabaneta op-B 2nd"]
[Site "Sabaneta Antioquia"]
[Date "2023.06.30"]
[Round "5"]
[White "Vallejo, Diego"]
[Black "Almanza Montoya, Joseph"]
[Result "1-0"]
[WhiteElo "1757"]
[BlackElo "1230"]
[PlyCount "65"]
[EventDate "2023.06.28"]
[EventType "swiss"]
[EventRounds "9"]
[EventCountry "COL"]
[SourceTitle "EXT 2024"]
[Source "ChessBase"]
[SourceDate "2023.10.10"]
[SourceVersion "1"]
[SourceVersionDate "2023.10.10"]
[SourceQuality "1"]

1. e4 c5 2. Nf3 d6 3. d4 cxd4 4. Nxd4 Nf6 5. Nc3 a6 6. Bc4 e6 7. 0-0 Be7 8. f4 0-0 9. Bb3 Nbd7 10. Be3 Nc5 11. Qf3 Nxb3 12. axb3 Bd7 13. e5 dxe5 14. fxe5 Ne8 15. Rad1 Qc7 16. Ne4 Bc6 17. Nxc6 Qxc6 18. Qg4 f5 19. exf6 Nxf6 20. Nxf6+ Bxf6 21. c3 g6 22. Bh6 Bg7 23. Bxg7 Kxg7 24. Qd4+ Kg8 25. h4 Rf5 26. Rxf5 exf5 27. h5 Rc8 28. b4 gxh5 29. Rd3 Qc7 30. Qd5+ Qf7 31. Rg3+ Kf8 32. Qd6+ Qe7 33. Rg8+ 1-0

[Event "Medellin Antioquia-ch"]
[Site "Medellin"]
[Date "2023.04.26"]
[Round "6"]
[White "Almanza Montoya, Joseph"]
[Black "Ramirez, Juan E"]
[Result "0-1"]
[WhiteElo "1452"]
[BlackElo "1462"]
[PlyCount "40"]
[EventDate "2023.04.18"]
[EventType "swiss"]
[EventRounds "7"]
[EventCountry "COL"]
[SourceTitle "EXT 2024"]
[Source "ChessBase"]
[SourceDate "2023.10.10"]
[SourceVersion "1"]
[SourceVersionDate "2023.10.10"]
[SourceQuality "1"]

1. e4 c5 2. Nf3 d6 3. d4 cxd4 4. Nxd4 Nf6 5. Nc3 a6 6. Be3 e5 7. Nb3 Be7 8. Qd2 Ng4 9. f3 Nxe3 10. Qxe3 0-0 11. h4 Nc6 12. Nd5 Be6 13. Nxe7+ Qxe7 14. 0-0-0 f5 15. exf5 Bxf5 16. Bd3 Rac8 17. Bxf5 Rxf5 18. Qd3 Rf6 19. h5 Nb4 20. Qd2 Rxc2+ 0-1

[Event "COL-ch U12"]
[Site "Choconta"]
[Date "2023.03.20"]
[Round "6"]
[White "Enciso Rincon, Juan Camilo"]
[Black "Almanza Montoya, Joseph"]
[Result "0-1"]
[WhiteElo "1382"]
[BlackElo "1600"]
[PlyCount "41"]
[EventDate "2023.03.17"]
[EventType "swiss"]
[EventRounds "7"]
[EventCountry "COL"]
[SourceTitle "CBM 213 Extra"]
[Source "ChessBase"]
[SourceDate "2023.05.31"]
[SourceVersion "1"]
[SourceVersionDate "2023.05.31"]
[SourceQuality "1"]

1. d4 d5 2. Nf3 e6 3. e3 Nf6 4. Bd3 c5 5. c3 Nc6 6. Nbd2 Bd6 7. Qe2 0-0 8. 0-0 e5 9. dxe5 Nxe5 10. Nxe5 Bxe5 11. e4 Re8 12. f4 Bc7 13. e5 Bb6 14. c4 d4 15. Ne4 Nxe4 16. Qxe4 f5 17. Qe2 Be6 18. Rf3 Qe7 19. Rh3 Qf7 20. Bd2 Rad8 21. Rf1 0-1